| 000 | 00575nam a22002177a 4500 | ||
|---|---|---|---|
| 999 |
_c2036 _d2036 |
||
| 003 | SLTCLib | ||
| 008 | 260615b ce ||||| |||| 00| 0 eng d | ||
| 020 | _a9780226826677 | ||
| 041 | _aEnglish | ||
| 080 |
_a001.42 _bBOO |
||
| 100 |
_aBooth, Wayne C. _93601 |
||
| 245 | _aThe Craft of Research | ||
| 250 | _a5th ed. | ||
| 260 |
_aLondon _bThe University of Chicago press _c2004 |
||
| 300 | _a314p. | ||
| 650 |
_aResearch _93602 |
||
| 650 |
_aResearch Methodology _93603 |
||
| 700 |
_93599 _aColomb, Gregory G. |
||
| 700 |
_93600 _aWilliams, Joseph M. |
||
| 942 |
_2ddc _cMRE |
||
| 945 |
_a3725 _bIshara wickramage _c3725 _dIshara wickramage |
||